[Event "Online Olym Div2 E 2021"]
[Site "chess.com INT"]
[Date "2021.09.02"]
[Round "2.5"]
[Board "5"]
[White "Melian, Juan Sebastian"]
[Black "Cabezas Solano, David Alejandro"]
[Result "1-0"]
[WhiteTitle "CM"]
[BlackTitle "CM"]
[WhiteElo "1978"]
[BlackElo "2004"]
[WhiteTeam "Paraguay"]
[BlackTeam "Costa Rica"]
[WhiteFideId "3706575"]
[BlackFideId "6507522"]
[EventDate "2021.09.02"]
[EventType "team"]

1. e4 c5 2. b3 Nc6 3. Bb2 e5 4. Bb5 d6 5. Ne2 Nf6 6. Bxc6+ bxc6 7. d3 Be7 8. O-O
O-O 9. Nd2 Qc7 10. Qe1 d5 11. h3 Re8 12. Nc3 Be6 13. Na4 Nd7 14. Rd1 Bf8 15. Qe2
Rab8 16. Kh1 f6 17. Qf3 Nb6 18. Nc3 c4 19. dxc4 d4 20. Ne2 Nxc4 21. Bc1 Nd6 22.
Qg3 c5 23. f4 Nf7 24. fxe5 Qxe5 25. Qf2 Bd6 26. Nf3 Qxe4 27. Rfe1 Qxc2 28. Rd2
Qf5 29. Ng3 Bxg3 30. Qxg3 Bd5 31. Rde2 Red8 32. Qxb8 h5 33. Qg3 Nd6 34. Nh4 Qc8
35. Ng6 Nf5 36. Ne7+ Nxe7 37. Rxe7 Bf7 38. Bh6 g6 39. Qf4 Qc6 40. R1e6 Qb5 41.
Qxf6 1-0

[Event "Online Olym Div2 E 2021"]
[Site "chess.com INT"]
[Date "2021.09.02"]
[Round "2.5"]
[Board "6"]
[White "Diaz Charpentier, Kristel Meliss"]
[Black "Oviedo Acosta, Paula"]
[Result "1-0"]
[WhiteElo "1898"]
[BlackElo "1637"]
[WhiteTeam "Costa Rica"]
[BlackTeam "Paraguay"]
[WhiteFideId "6511708"]
[BlackFideId "3704394"]
[EventDate "2021.09.02"]
[EventType "team"]

1. Nf3 Nf6 2. g3 g6 3. Bg2 Bg7 4. O-O O-O 5. d4 d5 6. b3 b6 7. Bb2 Bb7 8. c4 Re8
9. Nc3 Nbd7 10. e3 Rc8 11. Ne5 Nf8 12. cxd5 Nxd5 13. Nxf7 Nxc3 14. Bxc3 Kxf7 15.
Bxb7 Rb8 16. Qf3+ Bf6 17. Bc6 Kg7 18. Bxe8 Qxe8 19. e4 Kg8 20. e5 Bg7 21. Qe4 e6
22. d5 Rd8 23. dxe6 Nxe6 24. Rad1 Kh8 25. Rxd8 Qxd8 26. f4 Nc5 27. Qd4 Qe8 28.
Rd1 Ne6 29. Qd7 Qg8 30. Kg2 h6 31. h4 Kh7 32. Qd3 Nc5 33. Qc2 Qa8+ 34. Kh2 Qf3
35. Bd4 Ne6 36. Bf2 c5 37. Rd3 Qe4 38. Qd2 g5 39. hxg5 hxg5 40. Rd6 Nf8 41. Qd3
Qxd3 42. Rxd3 gxf4 43. gxf4 Kg6 44. Kg3 Kf5 45. Kf3 Ke6 46. Ke4 Nd7 47. f5+ Ke7
48. f6+ Bxf6 49. exf6+ Nxf6+ 50. Kf5 1-0

[Event "Online Olym Div2 E 2021"]
[Site "chess.com INT"]
[Date "2021.09.02"]
[Round "3.1"]
[Board "1"]
[White "Valdes Romero, Leonardo"]
[Black "Arenas, David"]
[Result "0-1"]
[WhiteTitle "IM"]
[BlackTitle "GM"]
[WhiteElo "2402"]
[BlackElo "2455"]
[WhiteTeam "Costa Rica"]
[BlackTeam "Colombia"]
[WhiteFideId "6500331"]
[BlackFideId "4403177"]
[EventDate "2021.09.02"]
[EventType "team"]

1. Nf3 c5 2. c4 Nc6 3. Nc3 g6 4. g3 Bg7 5. Bg2 d6 6. O-O Bf5 7. d3 Qd7 8. Re1
Bh3 9. Bh1 h5 10. e3 Nh6 11. Nd5 Bg4 12. Qa4 Rc8 13. h4 Qf5 14. Nd2 g5 15. Be4
Qe5 16. d4 Qe6 17. hxg5 Nf5 18. Nf4 Qd7 19. d5 Ne5 20. Qxd7+ Kxd7 21. f3 Nxg3
22. fxg4 Nxe4 23. Nxe4 Nf3+ 24. Kf1 Nxe1 25. Kxe1 hxg4 26. Kf2 Rh1 27. Ng3 Rh2+
28. Ng2 Rch8 29. Bd2 Bxb2 30. Rb1 Be5 31. Rxb7+ Kc8 32. Rxe7 R8h3 33. Ne2 Rf3+
34. Kg1 g3 35. Nxg3 Bxg3 0-1

[Event "Online Olym Div2 E 2021"]
[Site "chess.com INT"]
[Date "2021.09.02"]
[Round "3.1"]
[Board "2"]
[White "Barrientos, Sergio E"]
[Black "Minero Pineda, Sergio"]
[Result "1-0"]
[WhiteTitle "GM"]
[BlackTitle "IM"]
[WhiteElo "2475"]
[BlackElo "2361"]
[WhiteTeam "Colombia"]
[BlackTeam "Costa Rica"]
[WhiteFideId "4401824"]
[BlackFideId "6500374"]
[EventDate "2021.09.02"]
[EventType "team"]

1. d4 Nf6 2. c4 e6 3. Nf3 Bb4+ 4. Nbd2 O-O 5. a3 Be7 6. g3 b6 7. e4 d6 8. Bg2
Bb7 9. Qe2 c5 10. O-O cxd4 11. Nxd4 Nc6 12. Nxc6 Bxc6 13. b4 Qc7 14. Bb2 a6 15.
Rac1 Rfe8 16. Nb3 Bb7 17. h3 Nd7 18. f4 Rac8 19. Kh2 Qb8 20. Nd4 Bf8 21. Nf3 Qa8
22. Rce1 b5 23. cxb5 axb5 24. Nd4 Nb6 25. Qxb5 Nc4 26. Bc1 Ba6 27. Qh5 Nxa3 28.
b5 Nxb5 29. Nxb5 g6 30. Qg5 Be7 31. Qg4 Bxb5 32. Rf2 Qa1 33. Bd2 Qd4 34. Be3 Qc3
35. Bd2 h5 36. Qd1 Qd4 37. Re3 Rc5 38. f5 Bf6 39. fxg6 fxg6 40. e5 Bxe5 41. Qb1
Kg7 42. Ref3 Re7 43. Be3 Qa1 44. Qb4 Rd5 45. Qh4 Rc7 46. Qg5 Bxg3+ 47. Qxg3 Qe5
48. Bf4 Qe1 49. Bxd6 Rd1 50. Qe5+ Kh7 51. Rf7+ 1-0

[Event "Online Olym Div2 E 2021"]
[Site "chess.com INT"]
[Date "2021.09.02"]
[Round "3.1"]
[Board "3"]
[White "Rodriguez Arrieta, Maria Elena"]
[Black "Castrillon Gomez, Melissa"]
[Result "0-1"]
[WhiteTitle "WIM"]
[BlackTitle "WIM"]
[WhiteElo "1905"]
[BlackElo "2212"]
[WhiteTeam "Costa Rica"]
[BlackTeam "Colombia"]
[WhiteFideId "6502911"]
[BlackFideId "4402413"]
[EventDate "2021.09.02"]
[EventType "team"]

1. e4 c5 2. Nf3 Nc6 3. Bb5 g6 4. Bxc6 bxc6 5. d3 Bg7 6. Nc3 e5 7. Be3 d6 8. h3
Rb8 9. Qc1 f5 10. O-O f4 11. Bd2 Nf6 12. Ne2 Nh5 13. c3 g5 14. Nh2 Nf6 15. Qc2
h5 16. d4 g4 17. dxe5 dxe5 18. Rad1 Qb6 19. Bc1 Be6 20. c4 Qc7 21. b3 f3 22.
gxf3 gxf3 23. Nxf3 Bxh3 24. Rfe1 Bh6 25. Kh2 Bg4 26. Nh4 Bxc1 27. Rxc1 Qh7 28.
f3 Bc8 29. Ng3 Qh6 30. Qd3 Rb7 31. Qe3 Ng4+ 32. fxg4 hxg4 33. Qxh6 Rxh6 34. Kg2
Rxh4 35. Rf1 Rbh7 36. Rh1 Rh3 37. Rxh3 gxh3+ 38. Kh2 Rd7 39. Rc2 Rd3 40. Re2 Bg4
41. Rf2 Ke7 42. Rb2 Ke6 43. Rf2 a5 44. Nf1 Rf3 45. Rxf3 Bxf3 46. Kxh3 Bxe4 47.
Nd2 Bc2 48. Kg3 Kf5 49. Kf3 Bd1+ 50. Ke3 Bc2 51. Kf3 e4+ 52. Ke3 Ke5 53. Nf1 Bb1
54. a3 Bd3 55. Nd2 Bc2 56. Ke2 Kd4 57. a4 Kc3 58. Ke3 Bxb3 59. Nxe4+ Kxc4 60.
Nd2+ Kc3 61. Nb1+ Kb4 62. Kd2 Bxa4 63. Nc3 Bb3 64. Nb1 a4 65. Kc1 a3 66. Nd2 Ba2
67. Kc2 Be6 68. Kc1 Bf5 0-1

[Event "Online Olym Div2 E 2021"]
[Site "chess.com INT"]
[Date "2021.09.02"]
[Round "3.1"]
[Board "4"]
[White "Chirivi C, Jenny Astrid"]
[Black "Gamboa Alvarado, Olga Leticia"]
[Result "1-0"]
[WhiteTitle "WIM"]
[BlackTitle "WFM"]
[WhiteElo "2124"]
[BlackElo "1865"]
[WhiteTeam "Colombia"]
[BlackTeam "Costa Rica"]
[WhiteFideId "4403061"]
[BlackFideId "6502270"]
[EventDate "2021.09.02"]
[EventType "team"]

1. d4 Nf6 2. c4 e6 3. Nf3 b6 4. a3 Bb7 5. Nc3 Be7 6. d5 O-O 7. e4 d6 8. Bd3 Nbd7
9. O-O a5 10. b3 e5 11. Rb1 Re8 12. Re1 Nf8 13. g3 Bc8 14. Nh4 g6 15. Ng2 Bh3
16. f4 Bxg2 17. Kxg2 N8d7 18. Qf3 Bf8 19. f5 Nh5 20. Rf1 Be7 21. Be2 Ng7 22. Bh6
f6 23. fxg6 hxg6 24. Qg4 Nf8 25. Rf2 Qd7 26. Nb5 Qxg4 27. Bxg4 Bd8 28. Rbf1 Kh7
29. Be3 Rb8 30. Na7 f5 31. exf5 Nxf5 32. Bxf5 gxf5 33. Rxf5 Ng6 34. Nc6 Rc8 35.
Rf7+ Kh8 36. h4 Ne7 37. Rf8+ 1-0

[Event "Online Olym Div2 E 2021"]
[Site "chess.com INT"]
[Date "2021.09.02"]
[Round "3.1"]
[Board "5"]
[White "Ramirez Madrid, Gerardo Alfonso"]
[Black "Avila Pavas, Santiago"]
[Result "0-1"]
[WhiteTitle "FM"]
[BlackTitle "IM"]
[WhiteElo "2029"]
[BlackElo "2395"]
[WhiteTeam "Costa Rica"]
[BlackTeam "Colombia"]
[WhiteFideId "6505945"]
[BlackFideId "4437128"]
[EventDate "2021.09.02"]
[EventType "team"]

1. Nf3 Nf6 2. c4 e6 3. g3 d5 4. Bg2 Be7 5. O-O O-O 6. b3 d4 7. e3 c5 8. exd4
cxd4 9. d3 Nc6 10. Re1 Nd7 11. Na3 e5 12. Nc2 f6 13. a3 a5 14. Rb1 Nc5 15. b4
axb4 16. axb4 Na4 17. Bd2 Bf5 18. b5 Na5 19. Nb4 Bxb4 20. Bxb4 Nc3 21. Bxc3 dxc3
22. Bf1 Bg4 23. Re3 b6 24. Qc2 Bxf3 25. Rxf3 Qd4 26. Rc1 Nb7 27. Qxc3 Qxc3 28.
Rxc3 Nc5 29. Re3 Ra1 30. Kg2 Rfa8 31. Rc2 R8a2 32. Ree2 Ra3 33. d4 exd4 34. Re8+
Kf7 35. Rd8 Rd1 36. Be2 Ne6 37. Rd7+ Ke8 38. Bxd1 Kxd7 39. Bg4 Kd6 40. Bxe6 Kxe6
41. c5 d3 42. Rc4 Kd5 43. Rc1 bxc5 44. Kf3 c4 45. Kg2 d2 46. Rd1 c3 47. Kf1 Kc4
48. Ke2 c2 49. Rxd2 c1=Q 50. b6 Rb3 51. h4 Rb2 52. Rxb2 Qxb2+ 53. Ke3 Qxb6+ 54.
Kf3 Kd3 55. g4 Qd4 56. Kg3 Ke2 57. g5 Qxf2+ 58. Kh3 Qf3+ 59. Kh2 Kf2 60. h5 Qg2# 0-1

[Event "Online Olym Div2 E 2021"]
[Site "chess.com INT"]
[Date "2021.09.02"]
[Round "3.1"]
[Board "6"]
[White "Caicedo Anguila, Juliana"]
[Black "Diaz Charpentier, Kristel Meliss"]
[Result "0-1"]
[WhiteElo "1583"]
[BlackElo "1898"]
[WhiteTeam "Colombia"]
[BlackTeam "Costa Rica"]
[WhiteFideId "4451740"]
[BlackFideId "6511708"]
[EventDate "2021.09.02"]
[EventType "team"]

1. d4 Nf6 2. Nf3 e6 3. e3 c5 4. Nbd2 d5 5. b3 Be7 6. Bd3 Nc6 7. Bb2 O-O 8. O-O
Bd7 9. Ne5 Rc8 10. f4 cxd4 11. Nxc6 bxc6 12. exd4 c5 13. dxc5 Bxc5+ 14. Kh1 Bc6
15. Nf3 Ne4 16. Qe2 h6 17. Ne5 Bb7 18. Bxe4 dxe4 19. Qg4 f5 20. Qg3 Rc7 21. Rad1
Qe8 22. Nc4 Ba6 23. Rfe1 Bxc4 24. bxc4 Kh7 25. Re2 Qg6 26. Qe1 Bb6 27. Qb4 Rfc8
28. Rd6 Bc5 0-1

[Event "Online Olym Div2 E 2021"]
[Site "chess.com INT"]
[Date "2021.09.02"]
[Round "3.2"]
[Board "1"]
[White "Arias, Lemnys A."]
[Black "Vazquez, Guillermo"]
[Result "0-1"]
[WhiteTitle "IM"]
[BlackTitle "IM"]
[WhiteElo "2303"]
[BlackElo "2534"]
[WhiteTeam "El Salvador"]
[BlackTeam "Paraguay"]
[WhiteFideId "6700284"]
[BlackFideId "3702308"]
[EventDate "2021.09.02"]
[EventType "team"]

1. e4 c6 2. d4 d5 3. e5 c5 4. dxc5 e6 5. Qg4 h5 6. Qg3 Nc6 7. Nf3 h4 8. Qg4 Nh6
9. Bxh6 Rxh6 10. Nbd2 f5 11. exf6 Qxf6 12. O-O-O Bxc5 13. Bb5 e5 14. Qa4 e4 15.
Nb3 exf3 16. Nxc5 fxg2 17. Rhe1+ Kf7 18. Bxc6 bxc6 19. Nd3 Rh5 20. f4 Bg4 21.
Rd2 h3 22. Rf2 Kg8 23. Ne5 Rxe5 0-1

[Event "Online Olym Div2 E 2021"]
[Site "chess.com INT"]
[Date "2021.09.02"]
[Round "3.2"]
[Board "2"]
[White "Heinechen, Juan"]
[Black "Guevara Sanchez, Erick Marvin"]
[Result "1-0"]
[BlackTitle "FM"]
[WhiteElo "2146"]
[BlackElo "2173"]
[WhiteTeam "Paraguay"]
[BlackTeam "El Salvador"]
[WhiteFideId "3701018"]
[BlackFideId "6700136"]
[EventDate "2021.09.02"]
[EventType "team"]

1. e4 c5 2. Nf3 Nc6 3. d4 cxd4 4. Nxd4 e5 5. Nb5 a6 6. Nd6+ Bxd6 7. Qxd6 Qf6 8.
Qxf6 Nxf6 9. Nc3 Nb4 10. Bd3 h6 11. O-O d6 12. b3 Be6 13. Ba3 Nxd3 14. cxd3
O-O-O 15. Rac1 Kb8 16. Rfd1 d5 17. f3 Rd7 18. Ne2 Rhd8 19. Bb2 d4 20. h3 Ne8 21.
f4 f6 22. fxe5 fxe5 23. Rc5 Rc7 24. Rxe5 Rc2 25. Nxd4 Rxb2 26. Nxe6 Rc8 27. Rc5
Rxa2 28. Rdc1 Rxc5 29. Rxc5 Rd2 30. Rd5 Nf6 31. Rd8+ Ka7 32. e5 Nh5 33. Nc5 Nf4
34. e6 Re2 35. Rd7 Kb6 36. d4 Kc6 37. b4 a5 38. Rxg7 Nxe6 39. Nxe6 Rxe6 40. bxa5
Rd6 41. Rh7 Rf6 42. d5+ Kxd5 43. Rxb7 Ra6 44. Rb5+ Ke4 45. Kf2 Kf4 46. g3+ Ke4
47. h4 Rc6 48. Rb4+ Kf5 49. Rb6 Rc2+ 50. Kf3 Rc3+ 51. Kg2 h5 52. Rb5+ Kg6 53.
Rg5+ Kh6 54. Kf2 Ra3 55. Ke2 Ra4 56. Kd2 Rb4 57. Kc3 Ra4 58. Kb3 Ra1 59. Kb4 Rc1
60. a6 Ra1 61. Kb5 Rc1 62. Kb6 Rb1+ 63. Rb5 Rf1 64. a7 Rf6+ 65. Kb7 Rf7+ 66. Ka6
Rf1 67. a8=Q Ra1+ 68. Ra5 Rxa5+ 69. Kxa5 Kg6 70. Qd5 Kh6 71. Qg5+ Kh7 72. Kb6
Kh8 73. Kc6 Kh7 74. Kd6 Kh8 75. Ke7 Kh7 76. Kf7 Kh8 77. Qxh5# 1-0

[Event "Online Olym Div2 E 2021"]
[Site "chess.com INT"]
[Date "2021.09.02"]
[Round "3.2"]
[Board "3"]
[White "Zavala Galindo, Alejandra Beatri"]
[Black "Perez Rodriguez, Jennifer"]
[Result "0-1"]
[BlackTitle "WIM"]
[WhiteElo "1740"]
[BlackElo "2251"]
[WhiteTeam "El Salvador"]
[BlackTeam "Paraguay"]
[WhiteFideId "6703089"]
[BlackFideId "3507831"]
[EventDate "2021.09.02"]
[EventType "team"]

1. e4 e5 2. Nf3 Nc6 3. Bb5 f5 4. Bxc6 dxc6 5. Nxe5 Qd4 6. Nf3 Qxe4+ 7. Qe2 Nf6
8. Nc3 Qxe2+ 9. Nxe2 Bd6 10. d3 O-O 11. Bf4 Re8 12. Kd2 Rxe2+ 13. Kxe2 Bxf4 14.
g3 Bd6 15. Rhe1 f4 16. Kd2 Bf5 17. Nd4 Bg6 18. a3 Bc5 19. Ne6 Bxf2 20. Nxf4
Bxe1+ 21. Rxe1 Re8 22. Rf1 Bf7 23. Ne2 c5 24. Rf5 b6 25. Nc3 c6 26. h3 Be6 27.
Rf2 Bxh3 0-1

[Event "Online Olym Div2 E 2021"]
[Site "chess.com INT"]
[Date "2021.09.02"]
[Round "3.2"]
[Board "4"]
[White "Vargas, Gabriela"]
[Black "Garcia, Angie"]
[Result "0-1"]
[WhiteTitle "WIM"]
[BlackTitle "WFM"]
[WhiteElo "2152"]
[BlackElo "1802"]
[WhiteTeam "Paraguay"]
[BlackTeam "El Salvador"]
[WhiteFideId "3700860"]
[BlackFideId "6702503"]
[EventDate "2021.09.02"]
[EventType "team"]

1. d4 Nf6 2. Nf3 g6 3. Bg5 Bg7 4. Nbd2 d6 5. c3 O-O 6. e4 Nbd7 7. Be2 c6 8. O-O
e5 9. dxe5 dxe5 10. Re1 Qc7 11. Qc2 Re8 12. b4 Nf8 13. a4 Ne6 14. Bh4 Nf4 15.
Bf1 Be6 16. Nc4 Bg4 17. Nfd2 Rad8 18. f3 Bc8 19. Bf2 b6 20. Rad1 Qe7 21. a5 b5
22. Bc5 Qc7 23. Ne3 Be6 24. Nb3 Nd7 25. Bd6 Qb7 26. Rd2 Bh6 27. Nc5 Nxc5 28.
Bxc5 Rd7 29. Rxd7 Bxd7 30. Rd1 Ne6 31. Ng4 Bg7 32. Bf2 h5 33. Ne3 Qc7 34. Rd2
Rd8 35. Qd1 Bf6 36. Bxb5 Bg5 37. Bf1 Qb7 38. g3 Qc8 39. Bc4 c5 40. b5 Nc7 41.
Qb3 Be6 42. Rxd8+ Qxd8 43. Nd5 Nxd5 44. Bxd5 Bxd5 45. Qxd5 Qxa5 46. Qxe5 Bd8 47.
Qxc5 Bb6 48. Qe5 Qa1+ 49. Kg2 Qa2 50. Qe8+ Kg7 51. Qe5+ Kh7 52. Kh3 Qxf2 53. Qf6
Qf1+ 54. Kh4 Qc4 55. g4 Bf2+ 0-1

[Event "Online Olym Div2 E 2021"]
[Site "chess.com INT"]
[Date "2021.09.02"]
[Round "3.2"]
[Board "5"]
[White "Melara, Moises"]
[Black "Melian, Juan Sebastian"]
[Result "1-0"]
[WhiteTitle "FM"]
[BlackTitle "CM"]
[WhiteElo "2110"]
[BlackElo "1978"]
[WhiteTeam "El Salvador"]
[BlackTeam "Paraguay"]
[WhiteFideId "6703917"]
[BlackFideId "3706575"]
[EventDate "2021.09.02"]
[EventType "team"]

1. e4 c5 2. Nc3 e6 3. g3 a6 4. Bg2 b5 5. d3 Bb7 6. f4 d5 7. e5 h5 8. Nf3 Nh6 9.
Nh4 g6 10. d4 cxd4 11. Ne2 Nc6 12. Nf3 Bb4+ 13. Kf1 Nf5 14. Nexd4 Ncxd4 15. Nxd4
Qb6 16. Nxf5 gxf5 17. c3 Bc5 18. b4 Be3 19. Bxe3 Qxe3 20. Qe1 Qb6 21. Rd1 Rc8
22. Rd3 Ke7 23. Qf2 Qxf2+ 24. Kxf2 Rc4 25. Re1 Rhc8 26. Bf3 h4 27. Ree3 hxg3+
28. hxg3 R8c7 29. Ke2 Bc8 30. Kd2 Bd7 31. Bd1 d4 32. Rxd4 Rxd4+ 33. cxd4 Rc4 34.
Rd3 Rxb4 35. Bb3 a5 36. a3 Rxb3 37. Rxb3 Bc6 38. Rc3 Kd7 39. Rc5 Kc7 40. Rc1 Kd7
41. Kc3 Ke7 42. Kb2 Kd7 43. Rc2 Kc7 44. Rh2 Be8 45. d5 exd5 46. Kc3 Bd7 47. Kd4
Be6 48. Rc2+ Kb6 49. Rb2 Kc6 50. Rc2+ Kb6 51. Rc5 b4 52. a4 Bd7 53. Rxd5 Bxa4
54. Rd6+ Bc6 55. Kc4 Kc7 56. Rf6 Bd7 57. Rxf7 Kc6 58. Rf6+ Kc7 59. Ra6 a4 60.
Kxb4 Kd8 61. Rd6 Ke7 62. Rxd7+ Kxd7 63. Kxa4 1-0

[Event "Online Olym Div2 E 2021"]
[Site "chess.com INT"]
[Date "2021.09.02"]
[Round "3.2"]
[Board "6"]
[White "Oviedo Acosta, Paula"]
[Black "Vasquez Vasquez, Marielos"]
[Result "1-0"]
[BlackTitle "WCM"]
[WhiteElo "1637"]
[BlackElo "1498"]
[WhiteTeam "Paraguay"]
[BlackTeam "El Salvador"]
[WhiteFideId "3704394"]
[BlackFideId "6705723"]
[EventDate "2021.09.02"]
[EventType "team"]

1. e4 c5 2. Nf3 Nc6 3. d4 cxd4 4. Nxd4 g6 5. c4 Bg7 6. Be3 Nh6 7. h3 f5 8. Nc3
O-O 9. Be2 d6 10. f3 Bd7 11. Qd2 Nf7 12. O-O e5 13. Ndb5 Be6 14. Rfd1 Qe7 15.
Nd5 Qd7 16. Rac1 Bxd5 17. cxd5 Ne7 18. Rc7 Qd8 19. Rxb7 a6 20. Bb6 Qc8 21. Rxe7
axb5 22. Rc1 Qb8 23. Be3 Rc8 24. Rc6 Rxa2 25. Rb6 Qa8 26. Rbb7 Rf8 27. exf5 Bf6
28. Rec7 gxf5 29. Bh6 Nd8 30. Bxf8 Nxb7 31. Qh6 1-0

[Event "Online Olym Div2 E 2021"]
[Site "chess.com INT"]
[Date "2021.09.02"]
[Round "3.3"]
[Board "1"]
[White "Zambrana, Oswaldo"]
[Black "Albornoz Cabrera, Carlos Daniel"]
[Result "1-0"]
[WhiteTitle "GM"]
[BlackTitle "GM"]
[WhiteElo "2438"]
[BlackElo "2567"]
[WhiteTeam "Bolivia"]
[BlackTeam "Cuba"]
[WhiteFideId "3300200"]
[BlackFideId "3518736"]
[EventDate "2021.09.02"]
[EventType "team"]

1. e4 c5 2. Nf3 d6 3. d4 cxd4 4. Nxd4 Nf6 5. Nc3 a6 6. Bg5 Nbd7 7. f4 Qc7 8. Qe2
e5 9. fxe5 dxe5 10. Nf5 h6 11. Bxf6 Nxf6 12. O-O-O Be6 13. Qf3 Rc8 14. Bd3 g6
15. Nd4 Be7 16. Nxe6 fxe6 17. Qh3 Kf7 18. Rhf1 Qb6 19. Ne2 Kg7 20. g4 Rhf8 21.
Qg3 Nd7 22. Rxf8 Rxf8 23. Bc4 Bg5+ 24. Kb1 Nc5 25. Nc3 Bf4 26. Qg1 Qc7 27. Bb3
b5 28. a3 Rb8 29. h4 a5 30. Qf1 b4 31. Nb5 Qe7 32. axb4 Nxb3 33. cxb3 Qxb4 34.
Rd7+ Kh8 35. Qc4 Qxb5 36. Rd8+ Kg7 37. Qc7+ Kf6 38. Rxb8 Qd3+ 39. Ka2 1-0

[Event "Online Olym Div2 E 2021"]
[Site "chess.com INT"]
[Date "2021.09.02"]
[Round "3.3"]
[Board "2"]
[White "Martinez Duany, Lelys Stanley"]
[Black "Cueto, Jonny"]
[Result "1-0"]
[WhiteTitle "GM"]
[BlackTitle "IM"]
[WhiteElo "2520"]
[BlackElo "2241"]
[WhiteTeam "Cuba"]
[BlackTeam "Bolivia"]
[WhiteFideId "3504727"]
[BlackFideId "3300145"]
[EventDate "2021.09.02"]
[EventType "team"]

1. e4 d6 2. d4 Nf6 3. Nc3 e5 4. dxe5 dxe5 5. Qxd8+ Kxd8 6. Bc4 Be7 7. Nf3 Rf8 8.
Nxe5 Bd7 9. Bf4 Be6 10. O-O-O+ Nbd7 11. Bg5 Bxc4 12. Bxf6 Be6 13. Bxe7+ Kxe7 14.
Nxd7 Bxd7 15. Nd5+ Kd8 16. Rd4 c6 17. Nf4 Kc7 18. Rhd1 Rad8 19. f3 Bc8 20. Rxd8
Rxd8 21. Rxd8 Kxd8 22. Kd2 Ke7 23. Ke3 Kd6 24. h4 g6 25. g4 h6 26. h5 g5 27. Ne2
c5 28. Nc3 a6 29. Nd5 Be6 30. c4 b5 31. b3 bxc4 32. bxc4 a5 33. a3 Ke5 34. Ne7
Bxc4 35. Nf5 Be6 36. Nxh6 c4 37. Nf5 f6 38. Ne7 Kd6 39. h6 1-0

[Event "Online Olym Div2 E 2021"]
[Site "chess.com INT"]
[Date "2021.09.02"]
[Round "3.3"]
[Board "3"]
[White "Estrada, Lucia"]
[Black "Forgas Moreno, Yaniela"]
[Result "0-1"]
[WhiteTitle "WIM"]
[BlackTitle "WIM"]
[WhiteElo "1888"]
[BlackElo "2310"]
[WhiteTeam "Bolivia"]
[BlackTeam "Cuba"]
[WhiteFideId "3301923"]
[BlackFideId "3508072"]
[EventDate "2021.09.02"]
[EventType "team"]

1. d4 f5 2. e3 Nf6 3. Bd3 g6 4. f4 Bg7 5. Nf3 O-O 6. Nbd2 d6 7. O-O Nc6 8. b3 e5
9. dxe5 dxe5 10. Bc4+ Kh8 11. Ba3 exf4 12. exf4 Ng4 13. Re1 Re8 14. Ng5 Qd4+ 0-1

[Event "Online Olym Div2 E 2021"]
[Site "chess.com INT"]
[Date "2021.09.02"]
[Round "3.3"]
[Board "4"]
[White "Miranda Llanes, Yerisbel"]
[Black "Kilibarda Acebey, Veroska Isabela"]
[Result "1-0"]
[WhiteTitle "WIM"]
[WhiteElo "2259"]
[BlackElo "1276"]
[WhiteTeam "Cuba"]
[BlackTeam "Bolivia"]
[WhiteFideId "3507700"]
[BlackFideId "3318419"]
[EventDate "2021.09.02"]
[EventType "team"]

1. d4 Nf6 2. c4 c5 3. d5 b5 4. cxb5 a6 5. bxa6 Bxa6 6. Nc3 d6 7. e4 Bxf1 8. Kxf1
g6 9. g3 Bg7 10. Kg2 O-O 11. Nf3 Nbd7 12. a4 Ne8 13. Qc2 Nc7 14. Nd2 Na6 15. Nc4
Nb4 16. Qe2 Nb6 17. Bg5 Re8 18. Rhc1 Nxc4 19. Qxc4 Qa5 20. Rab1 h6 21. Bd2 Reb8
22. b3 Na2 23. Rc2 Nb4 24. Nb5 Rc8 25. Rbc1 Rd8 26. Bxb4 cxb4 27. Qc7 Qxc7 28.
Rxc7 Bf6 29. R1c4 Kf8 30. Rxb4 Rdc8 31. Rbc4 Rxc7 32. Rxc7 Bb2 33. Kf3 Ke8 34.
Ke3 Kd8 35. Kd3 Rb8 36. Rc2 Ba1 37. b4 Ra8 38. a5 Rb8 39. Na7 Rxb4 40. Nc6+ Kd7
41. Nxb4 1-0

[Event "Online Olym Div2 E 2021"]
[Site "chess.com INT"]
[Date "2021.09.02"]
[Round "3.3"]
[Board "5"]
[White "Vera, Pavel"]
[Black "Alvarez Calzadilla, Jose Avelino"]
[Result "1-0"]
[BlackTitle "FM"]
[WhiteElo "2073"]
[BlackElo "2287"]
[WhiteTeam "Bolivia"]
[BlackTeam "Cuba"]
[WhiteFideId "3304779"]
[BlackFideId "3526151"]
[EventDate "2021.09.02"]
[EventType "team"]

1. Nf3 c5 2. c4 g6 3. g3 Bg7 4. Bg2 Nf6 5. O-O O-O 6. Nc3 Nc6 7. d3 d6 8. a3 Bd7
9. Rb1 a5 10. b3 Qc8 11. Bg5 Bh3 12. Bxf6 exf6 13. Nd5 Bxg2 14. Kxg2 Qd8 15. b4
axb4 16. axb4 b6 17. bxc5 bxc5 18. Rb7 Re8 19. e4 f5 20. exf5 Ra1 21. Qd2 Rxf1
22. Kxf1 Qc8 23. Rc7 Qxf5 24. Kg2 Ne5 25. Nxe5 Qxe5 26. Qd1 h5 27. Qf3 Qe6 28.
h4 Bd4 29. Rb7 Ra8 30. Nc7 1-0

[Event "Online Olym Div2 E 2021"]
[Site "chess.com INT"]
[Date "2021.09.02"]
[Round "3.3"]
[Board "6"]
[White "Obregon Garcia, Roxangel"]
[Black "Beltran Salvador, Milka"]
[Result "1-0"]
[WhiteTitle "WIM"]
[WhiteElo "2167"]
[BlackElo "1602"]
[WhiteTeam "Cuba"]
[BlackTeam "Bolivia"]
[WhiteFideId "3520420"]
[BlackFideId "3310078"]
[EventDate "2021.09.02"]
[EventType "team"]

1. e4 c5 2. Nf3 Nc6 3. d4 cxd4 4. Nxd4 e6 5. Nc3 Qc7 6. Be3 a6 7. a3 Nf6 8. Be2
Be7 9. g4 h6 10. f4 d6 11. h4 e5 12. Nf5 Bxf5 13. gxf5 O-O-O 14. Qd3 exf4 15.
Bxf4 Ne5 16. Qd4 Kb8 17. O-O-O Rc8 18. Kb1 Rhd8 19. Rhg1 Ne8 20. Be3 Nc6 21. Qd2
Qa5 22. h5 Bf6 23. Nd5 Qxd2 24. Rxd2 Be5 25. Nb6 Rc7 26. Rgd1 Nf6 27. Bf3 Na7
28. c4 Nc8 29. b3 Rc6 30. Na4 b5 31. Nb2 Nd7 32. Be2 b4 33. axb4 Bc3 34. Rc2
Bxb4 35. Nd3 Bc5 36. Bf4 Ka7 37. Bf3 Rb6 38. Ka2 Bd4 39. Nb4 Rxb4 40. Rxd4 Nc5
41. Rb2 Rd7 42. Bd2 Rb8 43. b4 Na4 44. Rc2 Ne7 45. c5 Nc6 46. Rxd6 Rxd6 47. cxd6
Nxb4+ 48. Bxb4 Rxb4 49. e5 Rf4 50. Bd5 f6 51. e6 Nb6 52. e7 Nxd5 53. e8=Q Nb4+
54. Kb3 Nxc2 55. Kxc2 Rf2+ 56. Kd3 Rxf5 57. d7 Rd5+ 58. Kc4 Rd6 59. d8=Q Rxd8
60. Qxd8 1-0